000 01516nam0a2200349 4500
001 RU\NLR\BIBL_A\012655067
005 20220310144908.0
010 _a978-5-94839-769-6
_9100
021 _aRU
_bКН-П-21-051093
_9КН-П-21-4014
035 _a(NLR Aleph) 012655067
090 _a12738142
_c12738142
100 _a20211201d2021 u y0rusy50 ca
101 0 _arus
102 _aRU
105 _ay c 011zb
181 0 _ai
_baxxe
182 0 _an
200 1 _aБоже Владимир Стейгонович
_eбиобиблиографический указатель
_eк 65-летию
_f[составитель: Боже Екатерина Владимировна]
203 _aТекст
_bвизуальный
_cнепосредственный
210 _aЧелябинск
_cЧГИК
_d2021
215 _a127, [1] с.
_d21
320 _aБиблиогр. в подстроч. примеч.
320 _aИмен. указ.: с. 112-127
600 1 _aБоже
_bВ.С.
_f1956 -
_gВладимир Стейгонович
_jБиблиография
_92505917
_3RU\NLR\AUTH\6601701168
686 1 _aТ1(2)74-8я1
702 1 _4220
_7ca
_8rus
_aБоже
_bЕ. В.
_gЕкатерина Владимировна
_92706841
_3RU\NLR\AUTH\770292890
702 1 _4570
_7ca
_8rus
_aБоже
_bВ. С.
_f1956-
_gВладимир Стейгонович
_9114655
_3RU\NLR\AUTH\774678
942 _cBOOK
980 _aNB